| 000 | 00381nam a22001451 4500 | ||
|---|---|---|---|
| 001 | c 98000061 | ||
| 003 | DLC | ||
| 005 | 20260227111037.0 | ||
| 008 | 810206s1898 mnua 00000 eng | ||
| 010 | _ac 98000061 | ||
| 100 | 1 | 0 | _aKessdal, Olav. |
| 245 | 0 | 0 | _aBarnebogen. |
| 260 | 0 |
_aMinneapolis, Minn., _bThe Free church bk. concern, _c1898. |
|
| 300 |
_avi, 72 p. _billus. _c12⁰. |
||
| 999 |
_c13037 _d13037 |
||